Regular Polytopes
Uloženo v:
| Hlavní autor: | |
|---|---|
| Médium: | Kniha |
| Jazyk: | angličtina |
| Vydáno: |
Nueva York
Dover Publications
1973
|
| Vydání: | 3a. ed |
| Témata: | |
| Tagy: |
Přidat tag
Žádné tagy, Buďte první, kdo vytvoří štítek k tomuto záznamu!
|
MARC
| LEADER | 00000nam a2200000 a 4500 | ||
|---|---|---|---|
| 001 | UCH2758 | ||
| 003 | CL-VaPUC | ||
| 008 | 090624e19730000US |||||||||||||||||eng|d | ||
| 020 | |a 0486614808 | ||
| 082 | 0 | 4 | |a 516.35 |b COX |2 21 |
| 100 | 0 | |a Coxeter, Harold Scott MacDonald |e author |9 537782 | |
| 245 | 1 | 0 | |a Regular Polytopes |
| 250 | |a 3a. ed | ||
| 300 | |a 321 p | ||
| 942 | |c BK | ||
| 945 | |d 20090624 00:00:00 |a dcastane | ||
| 260 | |a Nueva York |b Dover Publications |c 1973 | ||
| 650 | 7 | |a POLITOPOS |2 CL-VaPUC |9 537783 | |
| 650 | 7 | |a POLIGONOS |2 CL-VaPUC |9 270337 | |
| 650 | 7 | |a ESPACIOS UNITARIOS |2 CL-VaPUC |9 422406 | |
| 650 | 0 | |a Geometría algebraica |9 270327 | |
| 583 | |a last modification |c 20140112 02:17:13 |k Rodrigo Vera | ||
| 999 | |c 334457 |d 334455 | ||
| 952 | |0 0 |1 0 |4 0 |6 516_350000000000000_COX_1973 |7 0 |8 A |9 423511 |a BIBCUR |b BIBCUR |d 2019-11-22 |i 456460K |o 516.35 COX 1973 |p 456460K |r 2025-04-22 |w 2019-11-22 |y BK |k FIS | ||